Brainstorming d'anglicismes #1 - Statistiques

Statistiques générales
  • Ce quiz a été pris 73 fois
    40 depuis la dernière actualisation
  • Le résultat moyen est 6 sur 15
Statistiques - réponses
Hint Réponse % Correct
Vintage ancien | rétro | collector | vieux
82%
Deadline échéance | délai | date butoir | date limite | dernier délai | terme
74%
Packaging emballage | conditionnement
68%
Hacker (verbe) pirater | bidouiller | trafiquer
63%
Best-seller meilleure vente | succès | le plus vendu | tube
55%
Biopic film biographique
50%
Best-of anthologie | florilège | morceaux choisis | compilation | meilleurs moments
47%
Booster (verbe) stimuler | relancer | dynamiser | accélérer | augmenter | doper
34%
Tag balise | étiquette | identifiant | identification | mot-clé | marqueur
26%
Cluster foyer | amas | amoncellement | masse | tas | accumulation | groupe | nid | sein
26%
Newsletter lettre d'information | courrier d'information | bulletin d'information | journal
26%
Pitcher (verbe) présenter | exhiber | exposer | décrire | expliquer | révéler | exprimer | signifier | annoncer
26%
Brainstorming remue-méninges | lancer des idées
21%
Teaser (verbe) attiser | aguicher | allécher | émoustiller | tenter | aviver | exciter | éperonner | titiller
16%
Hot-line assistance en ligne | numéro d'urgence | ligne directe | permanence en ligne | assistante téléphonique | permanence téléphonique | numéro de secours | ligne de secours | ligne d'urgence
8%
Aucun quiz correspondant
Distribution des résultats
% des personnes avec chaque résultat
Percentile par nombre de réponses
Votre historique - résultats
Vous n’avez pas pris ce quiz depuis la dernière actualisation